[Event "Dubai Police op-A"]
[Site "Dubai"]
[Date "2024.05.10"]
[Round "7"]
[White "Senthil, Maran K"]
[Black "Yilmaz, Mustafa"]
[Result "0-1"]
[WhiteElo "2365"]
[BlackElo "2641"]
[PlyCount "106"]
[EventDate "2024.05.04"]
[EventType "swiss"]
[EventRounds "9"]
[EventCountry "UAE"]
[SourceTitle "CB20_2024"]
[SourceDate "2024.05.16"]
[SourceVersion "1"]
[SourceVersionDate "2024.05.16"]
[SourceQuality "1"]

1. d4 d5 2. Nf3 Nf6 3. g3 Bf5 4. c4 e6 5. Nc3 h6 6. Qb3 Nc6 7. Bf4 Nb4 8. Rc1 dxc4 9. Qxc4 c6 10. Qb3 Qb6 11. Bg2 Nc2+ 12. Kf1 Qxb3 13. axb3 Rd8 14. Be5 Nb4 15. h3 Be7 16. Ne1 0-0 17. g4 Bg6 18. e3 Nd7 19. Bg3 e5 20. Be4 exd4 21. exd4 Bxe4 22. Nxe4 Nf6 23. Nxf6+ Bxf6 24. Nf3 Rfe8 25. h4 Rd5 26. Kg2 Re4 27. g5 hxg5 28. hxg5 Bxg5 29. Rce1 Rxe1 30. Rxe1 Bf6 31. Re8+ Kh7 32. Rb8 Rb5 33. Be5 Be7 34. Nd2 Kg6 35. Kf3 Nd3 36. Bg3 Nc1 37. Ke3 Bg5+ 38. f4 Bf6 39. Rh8 Bxd4+ 40. Ke4 Bxb2 41. Nc4 f5+ 42. Kf3 Rxb3+ 43. Kg2 Ne2 44. Bh2 Bf6 45. Rb8 Rb4 46. Na5 Rb5 47. Nc4 Nc3 48. Rf8 Nd5 49. Bg3 Rb4 50. Ne5+ Kh7 51. Kf3 a5 52. Nf7 a4 53. Ra8 Rb3+ 0-1

[Event "Titled Tuesday intern op 23rd Jan Late"]
[Site "Chess.com INT"]
[Date "2024.01.23"]
[Round "6"]
[White "Kim, Sergey2"]
[Black "Senthil, Maran K"]
[Result "0-1"]
[WhiteElo "2295"]
[BlackElo "2275"]
[PlyCount "88"]
[EventDate "2024.01.23"]
[EventType "swiss (blitz)"]
[EventRounds "11"]
[EventCountry "USA"]
[SourceTitle "CB05_2024"]
[SourceDate "2024.01.31"]
[SourceVersion "1"]
[SourceVersionDate "2024.01.31"]
[SourceQuality "1"]

1. d4 Nf6 2. c4 e6 3. Nc3 d5 4. Nf3 Be7 5. Bf4 0-0 6. e3 c5 7. a3 Nc6 8. Bd3 cxd4 9. exd4 dxc4 10. Bxc4 b6 11. 0-0 Na5 12. Ba2 Ba6 13. Re1 Rc8 14. Ne5 Nc4 15. Qe2 Nd5 16. Bg3 Nxc3 17. bxc3 b5 18. a4 Qd5 19. axb5 Bxb5 20. Qg4 Qa8 21. Nxc4 Bxc4 22. Bxc4 Rxc4 23. Be5 g6 24. Re3 Rfc8 25. Rc1 Bf8 26. h4 Bg7 27. Bxg7 Kxg7 28. h5 Qd5 29. Re5 Qd8 30. Qf3 Rxd4 31. h6+ Kg8 32. g3 Rd5 33. Rce1 Rcc5 34. Rxd5 Rxd5 35. c4 Rd3 36. Qb7 Rd7 37. Qf3 Qg5 38. Qa8+ Rd8 39. Qxa7 Qxh6 40. c5 Qd2 41. Rf1 Qc2 42. Qe7 Rc8 43. Qf6 Qxc5 44. Rd1 Qc7 0-1

[Event "Tamil Nadu IM 2nd"]
[Site "Chennai"]
[Date "2023.10.24"]
[Round "4"]
[White "Senthil, Maran K"]
[Black "Harshad, S."]
[Result "1-0"]
[WhiteElo "2298"]
[BlackElo "2177"]
[PlyCount "155"]
[EventDate "2023.10.23"]
[EventType "tourn"]
[EventRounds "9"]
[EventCountry "IND"]
[SourceTitle "Mega2024 Update 01"]
[Source "Chessbase"]
[SourceDate "2023.11.12"]
[SourceVersion "1"]
[SourceVersionDate "2023.11.12"]
[SourceQuality "1"]

1. d4 Nf6 2. g3 d5 3. Nf3 e6 4. Bg2 Nbd7 5. 0-0 b5 6. a4 b4 7. c4 bxc3 8. Nxc3 Ba6 9. Bf4 c6 10. Qc2 Be7 11. Rfb1 Nh5 12. Bd2 Rb8 13. e3 0-0 14. Na2 c5 15. b4 c4 16. b5 Bb7 17. Ne5 Nhf6 18. Nc6 Bxc6 19. bxc6 Rxb1+ 20. Qxb1 Nb6 21. a5 Nc8 22. Qb7 Bd6 23. Nc3 Re8 24. Nb5 Re7 25. Qa8 Ne8 26. Nxd6 Nexd6 27. Rb1 Rc7 28. Rb8 Qe8 29. Bb4 Ne4 30. Bxe4 dxe4 31. Bc5 c3 32. Rb3 c2 33. Rc3 Qxc6 34. Qxc6 Rxc6 35. Rxc2 g6 36. Rb2 Kg7 37. Rb7 a6 38. g4 g5 39. Kg2 Kf6 40. h4 gxh4 41. Kh3 e5 42. Rb6 Re6 43. d5 Nxb6 44. axb6 Re8 45. Bd6 a5 46. b7 a4 47. b8Q Rxb8 48. Bxb8 a3 49. d6 a2 50. d7 a1Q 51. d8Q+ Kg6 52. Qg8+ Kf6 53. Qh8+ Kg6 54. Qxe5 Qh1+ 55. Qh2 Qf3+ 56. Kxh4 Qf6+ 57. Kh3 Qf3+ 58. Bg3 f5 59. Qg2 fxg4+ 60. Kh2 Qf5 61. Qf1 Qh5+ 62. Kg1 Qd5 63. Qa6+ Kh5 64. Qd6 Qc4 65. Qe5+ Kg6 66. Qe8+ Kf5 67. Qh5+ Kf6 68. Qh6+ Ke7 69. Qxh7+ Kd8 70. Qc7+ Qxc7 71. Bxc7+ Kxc7 72. Kg2 Kd6 73. Kg3 Kd5 74. Kxg4 Kc4 75. Kf4 Kd3 76. Ke5 Ke2 77. Kxe4 Kxf2 78. Kf4 1-0

[Event "Qatar Masters op"]
[Site "Doha"]
[Date "2023.10.14"]
[Round "4"]
[White "Saydaliev, Saidakbar"]
[Black "Senthil, Maran K"]
[Result "1-0"]
[WhiteElo "2426"]
[BlackElo "2298"]
[PlyCount "87"]
[EventDate "2023.10.11"]
[EventType "swiss"]
[EventRounds "9"]
[EventCountry "QAT"]
[SourceTitle "Mega2024 Update 01"]
[Source "Chessbase"]
[SourceDate "2023.11.12"]
[SourceVersion "1"]
[SourceVersionDate "2023.11.12"]
[SourceQuality "1"]

1. e4 c6 2. Nf3 d5 3. Nc3 Bg4 4. h3 Bxf3 5. Qxf3 e6 6. Be2 Nd7 7. 0-0 Ngf6 8. d4 dxe4 9. Nxe4 Nxe4 10. Qxe4 Nf6 11. Qd3 Qc7 12. Bf3 Bd6 13. c4 0-0 14. Bg5 Nd7 15. Rad1 Bh2+ 16. Kh1 Bf4 17. Be7 Rfe8 18. Bb4 Bd6 19. Bc3 Rad8 20. Rfe1 Bf8 21. Qc2 Nf6 22. Re3 b5 23. b3 a5 24. Qe2 bxc4 25. bxc4 Bb4 26. Bb2 Bd6 27. g3 Qc8 28. Kg2 Qa6 29. Rd2 Bb4 30. Rc2 a4 31. Re5 a3 32. Ba1 Bf8 33. Bc3 h6 34. Rc1 c5 35. dxc5 Nd7 36. Re3 Nxc5 37. Rb1 Na4 38. Be5 Nc5 39. Rb5 f6 40. Bc7 Rd4 41. Bb6 Qc8 42. Rxa3 Rdd8 43. Ra8 Qd7 44. Rxd8 1-0

[Event "Abu Dhabi op 29th"]
[Site "Abu Dhabi"]
[Date "2023.08.20"]
[Round "5"]
[White "Talibov, Shiroghlan"]
[Black "Senthil, Maran K"]
[Result "1-0"]
[WhiteElo "2337"]
[BlackElo "2390"]
[PlyCount "95"]
[EventDate "2023.08.16"]
[EventType "swiss"]
[EventRounds "9"]
[EventCountry "UAE"]
[SourceTitle "EXT 2024"]
[Source "ChessBase"]
[SourceDate "2023.10.10"]
[SourceVersion "1"]
[SourceVersionDate "2023.10.10"]
[SourceQuality "1"]

1. e4 c6 2. d4 d5 3. Nc3 dxe4 4. Nxe4 Bf5 5. Ng3 Bg6 6. h4 h6 7. Nf3 Nd7 8. h5 Bh7 9. Bd3 Bxd3 10. Qxd3 e6 11. Bd2 Ngf6 12. 0-0-0 Be7 13. Kb1 c5 14. d5 Nxd5 15. Nf5 Bf6 16. Nd6+ Ke7 17. Nf5+ Kf8 18. c4 Qb6 19. Qc2 exf5 20. cxd5 Re8 21. Rhe1 Re4 22. Bc1 Qb4 23. Nd2 Rxe1 24. Rxe1 g6 25. hxg6 fxg6 26. Re6 Kg7 27. Nc4 Nb6 28. Nxb6 axb6 29. Rxf6 Kxf6 30. Bd2 Qb5 31. Qc3+ Kf7 32. Qxh8 Qd3+ 33. Kc1 Qc4+ 34. Qc3 Qf1+ 35. Be1 Qxg2 36. Qe5 Qg5+ 37. Kc2 Qe7 38. f4 h5 39. Kd3 b5 40. a3 h4 41. Ke3 h3 42. Kf3 Qxe5 43. fxe5 g5 44. Kg3 g4 45. Bd2 Kg6 46. Bf4 b4 47. axb4 cxb4 48. d6 1-0

[Event "Riga Tech op-A"]
[Site "Riga"]
[Date "2023.08.07"]
[Round "1"]
[White "Senthil, Maran K"]
[Black "Puuska, Heini"]
[Result "1-0"]
[WhiteElo "2390"]
[BlackElo "1987"]
[PlyCount "111"]
[EventDate "2023.08.07"]
[EventType "swiss"]
[EventRounds "9"]
[EventCountry "LAT"]
[SourceTitle "CBM 215 Extra"]
[Source "ChessBase"]
[SourceDate "2023.09.30"]
[SourceVersion "1"]
[SourceVersionDate "2023.09.30"]
[SourceQuality "1"]

1. d4 d5 2. c4 e6 3. Nf3 a6 4. Bg5 Be7 5. Bxe7 Qxe7 6. Nbd2 dxc4 7. Nxc4 b5 8. Na5 Qb4+ 9. Qd2 Qxd2+ 10. Nxd2 Ne7 11. Rc1 Ra7 12. g3 0-0 13. Bg2 Rd8 14. Ndb3 Nd7 15. 0-0 Nb6 16. e3 Na4 17. Rc2 Bd7 18. Rfc1 c6 19. Nc5 Nxc5 20. Rxc5 Nd5 21. Nxc6 Bxc6 22. Rxc6 Nb4 23. Rd6 Rb8 24. a3 Nd3 25. Rc2 Ne1 26. Rcc6 Nxg2 27. Kxg2 Rba8 28. Rb6 Kf8 29. e4 Ke7 30. e5 Ke8 31. Kf3 Ke7 32. Ke3 Ke8 33. Kd3 Ke7 34. Kc3 Rc8+ 35. Rbc6 Rac7 36. Rxc7+ Rxc7+ 37. Kd3 Ra7 38. f4 Ke8 39. g4 g6 40. h4 Ke7 41. h5 gxh5 42. gxh5 Ra8 43. Ke4 Rc8 44. Rxa6 Rc2 45. b4 Re2+ 46. Kf3 Rd2 47. Ke3 Rh2 48. d5 exd5 49. h6 f6 50. Rxf6 Rh3+ 51. Kd4 Rxa3 52. Kxd5 Rc3 53. Rb6 Rc4 54. Rb7+ Kf8 55. f5 Rh4 56. Ke6 1-0

[Event "Pontevedra op 11th"]
[Site "Pontevedra"]
[Date "2023.07.25"]
[Round "2"]
[White "Senthil, Maran K"]
[Black "Plazuelo Pascual, Juan"]
[Result "1/2-1/2"]
[WhiteElo "2287"]
[BlackElo "2465"]
[PlyCount "58"]
[EventDate "2023.07.24"]
[EventType "swiss"]
[EventRounds "9"]
[EventCountry "ESP"]
[SourceTitle "CBM 215 Extra"]
[Source "ChessBase"]
[SourceDate "2023.09.30"]
[SourceVersion "1"]
[SourceVersionDate "2023.09.30"]
[SourceQuality "1"]

1. d4 d5 2. Nf3 e6 3. g3 c5 4. Bg2 cxd4 5. 0-0 Nf6 6. Nxd4 e5 7. Nb3 Be6 8. c4 Nc6 9. cxd5 Bxd5 10. Nc3 Bxg2 11. Kxg2 Bb4 12. Qxd8+ Rxd8 13. Bd2 Ke7 14. Rac1 Bxc3 15. Bxc3 Rc8 16. Rc2 b6 17. Rfc1 Kd7 18. Nd2 Nd5 19. Nc4 f6 20. Ne3 Nxe3+ 21. fxe3 Rhd8 22. Kf3 Ne7 23. e4 h5 24. Rd2+ Ke6 25. Rxd8 Rxd8 26. Bb4 Rc8 27. Rxc8 Nxc8 28. Ke3 Nd6 29. Kd3 g6 1/2-1/2

[Event "Paris-ch IdF"]
[Site "Paris"]
[Date "2023.07.11"]
[Round "1"]
[White "Senthil, Maran K"]
[Black "Defromont, Benjamin"]
[Result "1/2-1/2"]
[WhiteElo "2287"]
[BlackElo "2445"]
[PlyCount "109"]
[EventDate "2023.07.11"]
[EventType "swiss"]
[EventRounds "9"]
[EventCountry "FRA"]
[SourceTitle "CBM 215 Extra"]
[Source "ChessBase"]
[SourceDate "2023.09.30"]
[SourceVersion "1"]
[SourceVersionDate "2023.09.30"]
[SourceQuality "1"]

1. d4 Nf6 2. Nf3 e6 3. c4 c5 4. g3 cxd4 5. Nxd4 d5 6. Bg2 e5 7. Nf3 d4 8. 0-0 Nc6 9. e3 Be7 10. exd4 exd4 11. b4 Nxb4 12. Nxd4 0-0 13. Bb2 Bg4 14. Qb3 Qd7 15. Nd2 Rad8 16. N2f3 Bh3 17. Bxh3 Qxh3 18. a3 Nc6 19. Qxb7 Rb8 20. Qxc6 Rxb2 21. Rfb1 Rxb1+ 22. Rxb1 Bxa3 23. Ra1 Rc8 24. Qb7 Bc5 25. Nb3 Bb6 26. c5 Bxc5 27. Rc1 Qd7 28. Qxd7 Nxd7 29. Nfd4 g6 30. Nxc5 Rxc5 31. Ra1 a5 32. Nb3 Rb5 33. Nxa5 Ne5 34. Ra2 g5 35. h3 h5 36. Kg2 g4 37. hxg4 hxg4 38. Ra4 f5 39. Nc4 Nf3 40. Ne3 Kf7 41. Nxf5 Rxf5 42. Rxg4 Ne1+ 43. Kf1 Nd3 44. Ke2 Rd5 45. Ke3 Ne5 46. Rf4+ Ke6 47. Re4 Kf5 48. Rf4+ Kg6 49. Rd4 Ra5 50. Ke4 Ng4 51. Rd6+ Kf7 52. Kf3 Ne5+ 53. Ke4 Ng4 54. Kf3 Ne5+ 55. Ke4 1/2-1/2